Statystyki dla Europa - Stolice

Kliknij tutaj aby rozwiązać quiz!

Ogólne statystyki

  • Ten quiz został rozwiązany 225 razy
  • Średni wynik to 37 z 44

Statystyki odpowiedzi

KrajStolica% Poprawnych
FrancjaParyż
98%
PolskaWarszawa
98%
NiemcyBerlin
97%
UkrainaKijów
96%
Wielka BrytaniaLondyn
96%
RosjaMoskwa
96%
CzechyPraga
96%
WłochyRzym
96%
GrecjaAteny
95%
HiszpaniaMadryt
94%
NorwegiaOslo
94%
BelgiaBruksela
93%
DaniaKopenhaga
91%
PortugaliaLizbona
89%
MonakoMonako
89%
San MarinoSan Marino
89%
AustriaWiedeń
89%
Holandia/NiderlandyAmsterdam
88%
ChorwacjaZagrzeb
88%
IrlandiaDublin
87%
LuksemburgLuksemburg
87%
BiałoruśMińsk
87%
AndoraAndora
86%
FinlandiaHelsinki
85%
LitwaWilno
85%
SzwecjaSztokholm
83%
BułgariaSofia
82%
RumuniaBukareszt
81%
ŁotwaRyga
81%
WęgryBudapeszt
80%
SłowacjaBratysława
79%
Bośnia i HercegowinaSarajewo
77%
SzwajcariaBerno
76%
IslandiaReykjavik
75%
EstoniaTallinn
75%
AlbaniaTirana
75%
LiechtensteinVaduz
71%
TurcjaAnkara
68%
SerbiaBelgrad
67%
MaltaValletta
67%
CzarnogóraPodgorica
64%
MołdawiaKiszyniów
63%
Macedonia PółnocnaSkopje
59%
SłoweniaLublana
57%

Rozkład punktacji

Percentyl według liczby udzielonych odpowiedzi

Procent ludzi z każdym wynikiem

Twoja historia wyników

Nie rozwiązałeś tego quizu